Movies Quiz

Random Movies or Song Quiz

That Song in the Movie III Quiz Stats

 Plays Quiz Updated Apr 29, 2018

Challenge
Share
Tweet
Score 0/20 Timer 07:00
5 Plays Today
% Correct
Let It Go
Frozen
93.8%
Jingle Bell Rock
Mean Girls
92.9%
Dueling Banjos
Deliverance
91.8%
(I've Had) The Time of My Life
Dirty Dancing
91.8%
Do-Re-Mi
The Sound of Music
87.9%
Viva Las Vegas
Viva Las Vegas
87.6%
Blame Canada
South Park: Bigger, Longer & Uncut
80.4%
Twist and Shout
Ferris Bueller's Day Off
75%
Shout
Animal House
69.8%
Afternoon Delight
Anchorman: The Legend of Ron Burgundy
69.4%
% Correct
42nd Street
42nd Street
66.3%
I Believe I Can Fly
Space Jam
64.8%
Stuck in the Middle with You
Reservoir Dogs
64.5%
Day-O (The Banana Boat Song)
Beetlejuice
62.3%
Willkommen
Cabaret
58.3%
Mr. Blue Sky
Guardians of the Galaxy Vol. 2
57.1%
Falling Slowly
Once
56.7%
All You Need Is Love
Yellow Submarine
54.8%
Canned Heat
Napoleon Dynamite
52.2%
Tubular Bells
The Exorcist
46.1%

You're not logged in!

Compare scores with friends on all Sporcle quizzes.
Join for Free
OR
Log In

You Might Also Like...

Show Comments

Extras

Top Quizzes Today


Score Distribution

Your Account Isn't Verified!

In order to create a playlist on Sporcle, you need to verify the email address you used during registration. Go to your Sporcle Settings to finish the process.

Report this User

Report this user for behavior that violates our Community Guidelines.

Details: